000 00564nam a2200205 a 4500
005 20240924065126.0
008 040429s2002 mx r 000 0 spa d
020 _a9702000831
035 _aUPN01000133734
049 _aCG
050 4 _aLC5146
_bE3.7 2002
245 0 0 _aEducación para el medio rural :
_buna propuesta pedagógica.
250 _a2a ed.
260 _aMonterrey :
_bCastillo :
_bCESDER,
_c2002.
300 _a327 p. :
_bil.
440 0 _aAula ;
_v6
650 4 _aEducación rural
_99764
650 2 _aDesarrollo rural
_912457
905 _aLibro
999 _c105885
_d105885